000
00207 a2200097 4500
001
84992
090
_c
40084
_d
40083
100
_a
Jacobson,B.O
245
_a
Fundamentals of Machine Elements
260
_b
McGraw hill HE
942
_a
NUST-CAE
999
_c
320065
_d
320065